Where Are They - Landmarks #6 - Statistics

General Stats
  • This quiz has been taken 78 times
  • The average score is 6 of 10
Answer Stats
Hint Answer % Correct
St. Basil's Cathedral, The Kremlin, Bolshoi Theatre Moscow
95%
Burj Khalifa, Burj Al Arab, Palm Jumeirah Dubai
93%
Gandantegchinlen Monastery, Sukhbaatar Square, Genghis Khan Equestrian Statue Ulaanbaatar
79%
Marienplatz, Nymphenburg Palace, Englischer Garten Munich
61%
The Gateway Arch, Busch Stadium, World Chess Hall of Fame St. Louis
61%
National Chiang Kai-shek Memorial Hall, * 101, Bangka Lungshan Temple Taipei
57%
Lone Pine Koala Sanctuary, Story Bridge, Kangaroo Point Cliffs Brisbane
48%
Parliament Hill, Rideau Canal, Prince of Wales Falls Ottawa
38%
Ciudad Mitad del Mundo, Basílica del Voto Nacional, El Panecillo Quito
23%
Alexander Nevsky Cathedral, Vitosha Boulevard, Boyana Waterfall Sofia
21%
No matching quizzes found
Score Distribution
Percent of People with Each Score
Percentile by Number Answered
Your Score History
You have not taken this quiz